[Event "ENCI Limburg-open C"]
[Site "Maastricht"]
[Date "2011.06.11"]
[Round "2"]
[White "Dijkstra, Hidde"]
[Black "Oxener, Aldo"]
[Result "1/2-1/2"]
[WhiteElo "1505"]
[BlackElo "1465"]
[PlyCount "84"]
[EventDate "2011.06.10"]
[EventType "swiss"]
[EventRounds "7"]
[EventCountry "NED"]
[Source "P.Boonen"]
[SourceDate "2012.01.01"]

1. d4 d5 2. c4 e6 3. Nc3 Nf6 4. Bg5 Bb4 5. a3 Bxc3+ 6. bxc3 Nbd7 7. f3 O-O 8.
e4 h6 9. Bxf6 Qxf6 10. e5 Qh4+ 11. g3 Qe7 12. cxd5 exd5 13. Bg2 c6 14. Ne2 Nb6
15. O-O Nc4 16. Qd3 Nxa3 17. f4 g6 18. g4 Bxg4 19. Ng3 Nc4 20. f5 Qg5 21. h3
Qe3+ 22. Qxe3 Nxe3 23. hxg4 Nxf1 24. Kxf1 a5 25. Ke2 b5 26. Kd2 Rfb8 27. Ne2
gxf5 28. gxf5 Kh7 29. Nf4 Rg8 30. Bh1 Rg5 31. f6 a4 32. Nxd5 cxd5 33. Bxd5 Rd8
34. Be4+ Kg8 35. Rh1 h5 36. Bf3 Rxe5 37. Bxh5 Rf5 38. Be2 b4 39. Rh6 b3 40. Bd3
Rf2+ 41. Ke3 Rb2 42. Bh7+ Kf8 1/2-1/2

[Event "ENCI Limburg-open C"]
[Site "Maastricht"]
[Date "2011.06.11"]
[Round "2"]
[White "Feltman, Bart"]
[Black "Overtoom, Reinier"]
[Result "0-1"]
[WhiteElo "1607"]
[BlackElo "1668"]
[PlyCount "50"]
[EventDate "2011.06.10"]
[EventType "swiss"]
[EventRounds "7"]
[EventCountry "NED"]
[Source "P.Boonen"]
[SourceDate "2012.01.01"]

1. e4 c5 2. Nf3 d6 3. d4 cxd4 4. Nxd4 Nf6 5. Nc3 g6 6. Be3 Bg7 7. h3 O-O 8. Qd2
Nc6 9. Nxc6 bxc6 10. Bh6 Be6 11. f3 Qa5 12. g4 Rfd8 13. h4 Rdb8 14. h5 Bxh6 15.
Qxh6 Rxb2 16. Kd2 d5 17. e5 d4 18. exf6 Qxc3+ 19. Kd1 Qxc2+ 20. Ke1 Qf2+ 21.
Kd1 Qxf3+ 22. Kc1 Qc3+ 23. Kd1 Qc2+ 24. Ke1 Qf2+ 25. Kd1 Bxg4+ 0-1

[Event "ENCI Limburg-open C"]
[Site "Maastricht"]
[Date "2011.06.11"]
[Round "2"]
[White "Geene, Patrick"]
[Black "Valembois, Pierre"]
[Result "1-0"]
[WhiteElo "1531"]
[BlackElo "1150"]
[PlyCount "49"]
[EventDate "2011.06.10"]
[EventType "swiss"]
[EventRounds "7"]
[EventCountry "NED"]
[Source "P.Boonen"]
[SourceDate "2012.01.01"]

1. e4 d5 2. exd5 Qxd5 3. Nc3 Qe5+ 4. Qe2 Nc6 5. Nf3 Qf5 6. Nb5 Kd8 7. Qd3+ Bd7
8. Qxf5 Bxf5 9. d3 e6 10. Bf4 Bb4+ 11. c3 Ba5 12. g3 a6 13. Nbd4 Nf6 14. Nxc6+
bxc6 15. Ne5 Ke7 16. Nxc6+ Kf8 17. Nxa5 Rd8 18. O-O-O Ng4 19. Be3 Bxd3 20. Bxd3
Ne5 21. Be2 Ke7 22. f4 Rxd1+ 23. Rxd1 Nd7 24. Nc6+ Kf6 25. Bd4+ 1-0

[Event "ENCI Limburg-open C"]
[Site "Maastricht"]
[Date "2011.06.11"]
[Round "2"]
[White "Gidding, Mark"]
[Black "Giesen, Janneke"]
[Result "0-1"]
[WhiteElo "1470"]
[BlackElo "1268"]
[PlyCount "30"]
[EventDate "2011.06.10"]
[EventType "swiss"]
[EventRounds "7"]
[EventCountry "NED"]
[Source "P.Boonen"]
[SourceDate "2012.01.01"]

1. e4 e5 2. Nf3 Nc6 3. d4 exd4 4. Bc4 Bc5 5. c3 dxc3 6. Nxc3 d6 7. O-O Bg4 8.
Bxf7+ Kxf7 9. Ng5+ Qxg5 10. Bxg5 Bxd1 11. Raxd1 Nge7 12. Nd5 Nxd5 13. exd5 Ne7
14. Rfe1 Rae8 15. Rd3 Nf5 0-1

[Event "ENCI Limburg-open C"]
[Site "Maastricht"]
[Date "2011.06.11"]
[Round "2"]
[White "Heinen, Dai"]
[Black "De Vries, Robert"]
[Result "0-1"]
[WhiteElo "1501"]
[BlackElo "1536"]
[PlyCount "66"]
[EventDate "2011.06.10"]
[EventType "swiss"]
[EventRounds "7"]
[EventCountry "NED"]
[Source "P.Boonen"]
[SourceDate "2012.01.01"]

1. e4 e5 2. Nf3 d6 3. c3 Nf6 4. d3 Be7 5. Be2 O-O 6. Bd2 b6 7. O-O Bb7 8. Qc2
Nbd7 9. Be3 Ng4 10. Nbd2 Nxe3 11. fxe3 Bg5 12. Nxg5 Qxg5 13. Rf3 f5 14. Rg3 Qe7
15. exf5 Rxf5 16. e4 Rg5 17. Rf3 Rf8 18. Raf1 Nf6 19. R3f2 Rg6 20. Bh5 Rh6 21.
Bg4 d5 22. Qb3 Qc5 23. Kh1 Rxh2+ 24. Kxh2 Nxg4+ 25. Kg3 Rxf2 26. Rxf2 Qxf2+ 27.
Kxg4 Qxd2 28. exd5 Qf4+ 29. Kh3 Bc8+ 30. g4 Bxg4+ 31. Kg2 Bf3+ 32. Kg1 Qg3+ 33.
Kf1 Qg2+ 0-1

[Event "ENCI Limburg-open C"]
[Site "Maastricht"]
[Date "2011.06.11"]
[Round "2"]
[White "Heuts, Guido"]
[Black "Thingstad, Tormod"]
[Result "1/2-1/2"]
[WhiteElo "1397"]
[BlackElo "997"]
[PlyCount "53"]
[EventDate "2011.06.10"]
[EventType "swiss"]
[EventRounds "7"]
[EventCountry "NED"]
[Source "P.Boonen"]
[SourceDate "2012.01.01"]

1. d4 d5 2. c4 e6 3. Nc3 Nf6 4. Nf3 Nbd7 5. Bf4 a6 6. e3 dxc4 7. Bxc4 b5 8. Bd3
Bb7 9. O-O c5 10. dxc5 Nxc5 11. Be2 Be7 12. b4 Nce4 13. Nxe4 Nxe4 14. a3 O-O
15. Be5 f6 16. Bb2 Rc8 17. Nd4 Bd5 18. Bd3 Qd7 19. Rc1 Rxc1 20. Qxc1 Rc8 21.
Qd1 e5 22. Ne2 Qb7 23. f3 Nd6 24. Kh1 Bc4 25. e4 Bxd3 26. Qxd3 Nc4 27. Bc1
1/2-1/2

[Event "ENCI Limburg-open C"]
[Site "Maastricht"]
[Date "2011.06.11"]
[Round "2"]
[White "Hodzic, Hajrudin"]
[Black "De Lange, Gerard"]
[Result "0-1"]
[WhiteElo "1678"]
[BlackElo "1599"]
[PlyCount "108"]
[EventDate "2011.06.10"]
[EventType "swiss"]
[EventRounds "7"]
[EventCountry "NED"]
[Source "P.Boonen"]
[SourceDate "2012.01.01"]

1. d4 d5 2. Nf3 g6 3. b3 Bg7 4. Bb2 Nf6 5. e3 a6 6. a4 Nc6 7. h3 O-O 8. c3 Ne4
9. Bd3 Nd6 10. b4 e5 11. dxe5 Nxe5 12. Nxe5 Bxe5 13. Nd2 Bf5 14. Bxf5 Nxf5 15.
Nf3 Bg7 16. Qc2 Nd6 17. O-O Nc4 18. Rad1 Nxb2 19. Qxb2 Qd7 20. Qc2 Rad8 21. c4
Qc6 22. Rc1 dxc4 23. Qxc4 Qxa4 24. Qxc7 b5 25. Qf4 Rde8 26. Rc6 f5 27. Rfc1 Re4
28. Qg3 Qxb4 29. Ng5 Re7 30. Rxa6 Be5 31. f4 Bc3 32. Nf3 Qb2 33. Rd1 Qe2 34.
Rdd6 Qxe3+ 35. Kh2 Rg7 36. Re6 Qd3 37. Rad6 Qf1 38. Re3 b4 39. Red3 Qe2 40. Rd8
Qe7 41. Qg5 Bf6 42. Rxf8+ Qxf8 43. Qg3 Qc5 44. Ng5 Qc4 45. Qe3 Re7 46. Qf3 h6
47. Qf1 Kg7 48. Nf3 Qxf4+ 49. Kh1 Rc7 50. Qe2 Rc1+ 51. Ne1 Be5 52. g3 Qe4+ 53.
Qxe4 fxe4 54. Re3 Bc3 0-1

[Event "ENCI Limburg-open C"]
[Site "Maastricht"]
[Date "2011.06.11"]
[Round "2"]
[White "Ingelaere, Arthur"]
[Black "Van Ginneken, Jos"]
[Result "0-1"]
[WhiteElo "1342"]
[BlackElo "1565"]
[PlyCount "63"]
[EventDate "2011.06.10"]
[EventType "swiss"]
[EventRounds "7"]
[EventCountry "NED"]
[Source "P.Boonen"]
[SourceDate "2012.01.01"]

1. e4 e5 2. Nf3 d6 3. d4 Nd7 4. dxe5 dxe5 5. Be2 h6 6. O-O c6 7. b3 Be7 8. Bb2
Qc7 9. Nbd2 f6 10. Nc4 b5 11. Ne3 Nc5 12. Bd3 g5 13. h3 Be6 14. Qe2 Bd6 15. c4
a6 16. Bc2 Ne7 17. Nd2 h5 18. f3 Ng6 19. Rfe1 Nf4 20. Qf1 O-O-O 21. b4 Ncd3 22.
Bxd3 Bxb4 23. Red1 Rxd3 24. Qf2 Bc5 25. Ndf1 Rhd8 26. Rxd3 Rxd3 27. cxb5 Qb6
28. Bc1 axb5 29. a4 b4 30. a5 Qa7 31. a6 Bxh3 32. Kh2 {.....} 0-1

[Event "ENCI Limburg-open C"]
[Site "Maastricht"]
[Date "2011.06.11"]
[Round "2"]
[White "Ingelaere, Floris"]
[Black "Been, Klaas"]
[Result "0-1"]
[WhiteElo "900"]
[BlackElo "1738"]
[PlyCount "28"]
[EventDate "2011.06.10"]
[EventType "swiss"]
[EventRounds "7"]
[EventCountry "NED"]
[Source "P.Boonen"]
[SourceDate "2012.01.01"]

1. e4 e5 2. Nf3 Nc6 3. Bc4 Be7 4. O-O Nf6 5. Nc3 O-O 6. d3 d6 7. Bg5 Bg4 8.
Bxf6 Bxf6 9. Nd5 Nd4 10. Nxf6+ Qxf6 11. h3 Nxf3+ 12. gxf3 Bxh3 13. Re1 Qg5+ 14.
Kh2 Qg2# 0-1

[Event "ENCI Limburg-open C"]
[Site "Maastricht"]
[Date "2011.06.11"]
[Round "2"]
[White "Katoen, Tom"]
[Black "Geene, Joris"]
[Result "0-1"]
[WhiteElo "1330"]
[BlackElo "1583"]
[PlyCount "116"]
[EventDate "2011.06.10"]
[EventType "swiss"]
[EventRounds "7"]
[EventCountry "NED"]
[Source "P.Boonen"]
[SourceDate "2012.01.01"]

1. c4 e5 2. Nc3 Nf6 3. Nf3 e4 4. Ng5 Bb4 5. Ngxe4 O-O 6. Nxf6+ Qxf6 7. Nd5 Qd6
8. a3 Ba5 9. e3 c6 10. Nc3 Bxc3 11. bxc3 Qg6 12. d4 d6 13. Bd2 Re8 14. Rb1 b6
15. Rb2 c5 16. Qf3 Qe4 17. Qxe4 Rxe4 18. g3 Bb7 19. Bg2 Re7 20. O-O Bxg2 21.
Kxg2 Nc6 22. Re1 Na5 23. Bc1 Nxc4 24. Rbe2 Rd8 25. f4 d5 26. e4 dxe4 27. Rxe4
Rxe4 28. Rxe4 Nd6 29. Re7 Nb5 30. Bb2 Kf8 31. Rb7 cxd4 32. cxd4 Nxd4 33. Rxa7
Nc6 34. Rc7 Rd2+ 35. Kh3 Rxb2 36. Rxc6 b5 37. Rc7 Rb3 38. Rb7 g6 39. Kg2 Kg7
40. Rb6 f5 41. Kf2 Kh6 42. Kg2 Kh5 43. Kh3 h6 44. Ra6 Rb2 45. g4+ fxg4+ 46. Kg3
Rb3+ 47. Kf2 Rf3+ 48. Ke2 Rxf4 49. Ra5 Rf5 50. Kd3 Kh4 51. Kc3 Kh3 52. Kb4 Kxh2
53. Rxb5 Rxb5+ 54. Kxb5 g3 55. a4 g2 56. a5 g1=Q 57. a6 Qa1 58. Kc6 Qxa6+ 0-1

[Event "ENCI Limburg-open C"]
[Site "Maastricht"]
[Date "2011.06.11"]
[Round "2"]
[White "Klokgieters, Jeroen"]
[Black "Gulikers, Ruud"]
[Result "1/2-1/2"]
[WhiteElo "1150"]
[BlackElo "1631"]
[PlyCount "112"]
[EventDate "2011.06.10"]
[EventType "swiss"]
[EventRounds "7"]
[EventCountry "NED"]
[Source "P.Boonen"]
[SourceDate "2012.01.01"]

1. e4 d5 2. exd5 Qxd5 3. Nc3 Qd6 4. Be2 Nf6 5. Nf3 a6 6. O-O Bg4 7. h3 h5 8. d3
Nc6 9. Be3 O-O-O 10. Ng5 Bxe2 11. Qxe2 Nd4 12. Bxd4 Qxd4 13. Nxf7 Rg8 14. Nxd8
Kxd8 15. Qe3 Qd6 16. a4 g5 17. Ne4 Nxe4 18. Qxe4 g4 19. hxg4 Rxg4 20. Qf5 Rf4
21. Qxh5 Rf6 22. d4 Rh6 23. Qe5 Qg6 24. Ra3 e6 25. Rg3 Qh7 26. Qg5+ Kd7 27. Rh3
Rxh3 28. gxh3 Qxh3 29. Qg2 Qh7 30. f4 c6 31. Re1 Qf5 32. Qe4 Qg4+ 33. Kf2 Be7
34. Ke3 b5 35. axb5 axb5 36. Kd2 Bb4+ 37. c3 Be7 38. b3 b4 39. c4 Qh3 40. d5
cxd5 41. cxd5 Qc3+ 42. Ke2 exd5 43. Qxd5+ Bd6 44. Qf7+ Kc6 45. Qc4+ Qxc4+ 46.
bxc4 Bxf4 47. Kd3 Kc5 48. Rf1 Bg3 49. Rf5+ Kc6 50. Rb5 Be1 51. Kc2 Kc7 52. Kb3
Kc6 53. Rxb4 Bxb4 54. Kxb4 Kb6 55. c5+ Kc6 56. Kc4 Kc7 1/2-1/2

[Event "ENCI Limburg-open C"]
[Site "Maastricht"]
[Date "2011.06.11"]
[Round "2"]
[White "Knof, Henrike"]
[Black "Parren, Ashley"]
[Result "1-0"]
[WhiteElo "1488"]
[BlackElo "1190"]
[PlyCount "31"]
[EventDate "2011.06.10"]
[EventType "swiss"]
[EventRounds "7"]
[EventCountry "NED"]
[Source "P.Boonen"]
[SourceDate "2012.01.01"]

1. e4 e5 2. Nf3 Nc6 3. Bc4 Bc5 4. d3 h6 5. c3 Nf6 6. b4 Bb6 7. a4 a5 8. b5 Ne7
9. Nxe5 O-O 10. g4 d6 11. g5 hxg5 12. Bxg5 dxe5 13. Bxf6 gxf6 14. Rg1+ Ng6 15.
Rxg6+ Kh8 16. Qh5# 1-0

[Event "ENCI Limburg-open C"]
[Site "Maastricht"]
[Date "2011.06.11"]
[Round "2"]
[White "Krug, Franz Dieter"]
[Black "Schoffelen, Jan"]
[Result "1-0"]
[WhiteElo "1411"]
[BlackElo "1345"]
[PlyCount "75"]
[EventDate "2011.06.10"]
[EventType "swiss"]
[EventRounds "7"]
[EventCountry "NED"]
[Source "P.Boonen"]
[SourceDate "2012.01.01"]

1. d4 d5 2. c4 c6 3. Nc3 Bf5 4. Nf3 e6 5. Qb3 b6 6. h3 Bd6 7. Bg5 Qc7 8. Nh4 f6
9. Nxf5 exf5 10. Bd2 dxc4 11. Qxc4 b5 12. Qe6+ Ne7 13. e4 Qd7 14. exf5 Bb4 15.
d5 Bxc3 16. Bxc3 Qxd5 17. Bb4 c5 18. Bxb5+ Kf8 19. Rd1 Qxe6+ 20. fxe6 Nbc6 21.
Bxc5 Ne5 22. f4 N5g6 23. O-O a6 24. Bc4 a5 25. a3 Ke8 26. Bb5+ Kf8 27. Rd7 f5
28. Rfd1 Kg8 29. Bxe7 h6 30. Rd8+ Rxd8 31. Rxd8+ Kh7 32. Rxh8+ Kxh8 33. Bd6 Kg8
34. Be8 Nh8 35. Bh5 g6 36. Be2 g5 37. e7 Kf7 38. Bh5+ 1-0

[Event "ENCI Limburg-open C"]
[Site "Maastricht"]
[Date "2011.06.11"]
[Round "2"]
[White "Liston, Mike"]
[Black "De Schepper, Marcel"]
[Result "1/2-1/2"]
[WhiteElo "1667"]
[BlackElo "1617"]
[PlyCount "54"]
[EventDate "2011.06.10"]
[EventType "swiss"]
[EventRounds "7"]
[EventCountry "NED"]
[Source "P.Boonen"]
[SourceDate "2012.01.01"]

1. e4 e6 2. d4 d5 3. Nc3 Bb4 4. e5 Ne7 5. a3 Bxc3+ 6. bxc3 c5 7. Qg4 Nf5 8. Bd3
h5 9. Qg5 Nc6 10. Qxd8+ Kxd8 11. Bxf5 exf5 12. Ne2 b6 13. Be3 c4 14. Nf4 Be6
15. Rb1 Kc7 16. O-O Rag8 17. Rb5 Ne7 18. Rfb1 g5 19. Ne2 Bd7 20. R5b2 Rg6 21.
f4 g4 22. Ra2 Ba4 23. Rb4 b5 24. Rb1 h4 25. Kf2 Nc6 26. Rg1 a6 27. Rb1 Nd8
1/2-1/2

[Event "ENCI Limburg-open C"]
[Site "Maastricht"]
[Date "2011.06.11"]
[Round "2"]
[White "Maessen, Roy"]
[Black "Elisen, Peter"]
[Result "1-0"]
[WhiteElo "1648"]
[BlackElo "1500"]
[PlyCount "37"]
[EventDate "2011.06.10"]
[EventType "swiss"]
[EventRounds "7"]
[EventCountry "NED"]
[Source "P.Boonen"]
[SourceDate "2012.01.01"]

1. d4 Nf6 2. Nf3 d5 3. e3 e6 4. Bd3 b6 5. O-O c5 6. b3 Be7 7. Ne5 O-O 8. Nd2
Bb7 9. Bb2 cxd4 10. exd4 Nc6 11. f4 Rc8 12. a3 Nxe5 13. fxe5 Ne4 14. Qe2 Nc3
15. Qg4 Rc7 16. Rf3 Bg5 17. Rg3 Bh6 18. Qh5 Qc8 19. Qxh6 1-0

[Event "ENCI Limburg-open C"]
[Site "Maastricht"]
[Date "2011.06.11"]
[Round "2"]
[White "Mohr, Markus"]
[Black "Veelenturf, Wim"]
[Result "1/2-1/2"]
[WhiteElo "1597"]
[BlackElo "1697"]
[PlyCount "41"]
[EventDate "2011.06.10"]
[EventType "swiss"]
[EventRounds "7"]
[EventCountry "NED"]
[Source "P.Boonen"]
[SourceDate "2012.01.01"]

1. e4 c6 2. d4 d5 3. exd5 cxd5 4. Bd3 Nf6 5. c3 Bg4 6. Qb3 Qd7 7. Bf4 Nc6 8.
Nd2 a6 9. Ngf3 Bxf3 10. Nxf3 e6 11. O-O Be7 12. Ne5 Qc8 13. Rae1 O-O 14. Qd1
Re8 15. Nxc6 Qxc6 16. Be5 g6 17. Qf3 Nh5 18. g4 Ng7 19. Bf6 Qd6 20. Be5 Qd8 21.
Kh1 1/2-1/2

[Event "ENCI Limburg-open C"]
[Site "Maastricht"]
[Date "2011.06.11"]
[Round "2"]
[White "Mossin, Ivar Alexander"]
[Black "Beissel, Daniel"]
[Result "0-1"]
[WhiteElo "1175"]
[BlackElo "1586"]
[PlyCount "90"]
[EventDate "2011.06.10"]
[EventType "swiss"]
[EventRounds "7"]
[EventCountry "NED"]
[Source "P.Boonen"]
[SourceDate "2012.01.01"]

1. e4 c5 2. Nf3 Nc6 3. d4 cxd4 4. Nxd4 d5 5. Nc3 dxe4 6. Nxc6 Qxd1+ 7. Kxd1
bxc6 8. Nxe4 f5 9. Ng3 e5 10. Bd3 g6 11. Re1 Bg7 12. Bf4 e4 13. c3 Ne7 14. Bd6
Bf6 15. Be2 Kd7 16. Ba3 Kc7 17. Kc2 Bb7 18. f3 e3 19. f4 Rad8 20. Nf1 Nd5 21.
g3 Rhe8 22. Bc5 g5 23. c4 Nxf4 24. gxf4 gxf4 25. Bd3 Re5 26. Bxa7 c5 27. b4 Be4
28. Rad1 e2 29. Rd2 exf1=Q 30. Rxf1 cxb4 31. Rxf4 Bg5 32. Be3 Kc8 33. Bxe4
Rxd2+ 34. Kxd2 Bxf4 35. Bxf4 Rxe4 36. Be3 Rxc4 37. Kd3 Rh4 38. Bg1 Kd7 39. Ke3
Ke6 40. Kf3 Rh3+ 41. Kf4 Ra3 42. Bc5 Rxa2 43. Bxb4 Rxh2 44. Be1 Rg2 45. Bg3
Rxg3 0-1

[Event "ENCI Limburg-open C"]
[Site "Maastricht"]
[Date "2011.06.11"]
[Round "2"]
[White "Nissel, Andreas"]
[Black "Memeti, Memet"]
[Result "1-0"]
[WhiteElo "1668"]
[BlackElo "1464"]
[PlyCount "53"]
[EventDate "2011.06.10"]
[EventType "swiss"]
[EventRounds "7"]
[EventCountry "NED"]
[Source "P.Boonen"]
[SourceDate "2012.01.01"]

1. d4 g6 2. e4 c5 3. Nf3 Bg7 4. c3 cxd4 5. cxd4 Nf6 6. Nc3 d5 7. e5 Nh5 8. Be2
Nc6 9. Be3 f6 10. exf6 Nxf6 11. h3 O-O 12. O-O Ne8 13. Qd2 Bh8 14. Rad1 Nd6 15.
Bh6 Rf7 16. Ng5 Rf5 17. Bg4 Rxg5 18. Qxg5 Bf6 19. Qxd5+ Kh8 20. Bxc8 Rxc8 21.
Be3 Qb6 22. Ne4 Nxe4 23. Qxe4 Qxb2 24. d5 Nd8 25. d6 exd6 26. Qe8+ Kg7 27. Qd7+
1-0

[Event "ENCI Limburg-open C"]
[Site "Maastricht"]
[Date "2011.06.11"]
[Round "2"]
[White "Roemhild, Wolfgang"]
[Black "Schleicher, Floris"]
[Result "1/2-1/2"]
[WhiteElo "1696"]
[BlackElo "1596"]
[PlyCount "74"]
[EventDate "2011.06.10"]
[EventType "swiss"]
[EventRounds "7"]
[EventCountry "NED"]
[Source "P.Boonen"]
[SourceDate "2012.01.01"]

1. e4 d5 2. Nc3 dxe4 3. Nxe4 Bf5 4. Ng3 Bg6 5. Nf3 Nd7 6. d4 Ngf6 7. c3 e6 8.
Be2 Bd6 9. O-O c6 10. Nh4 Qc7 11. f4 O-O 12. Bd2 Be4 13. Nxe4 Nxe4 14. g3 c5
15. Be3 Rad8 16. Qc2 Nef6 17. Bf3 Nb6 18. Rae1 Rd7 19. Qg2 Rfd8 20. f5 Nbd5 21.
Bg5 Bf8 22. fxe6 fxe6 23. Rxe6 h6 24. Bxd5 Nxd5 25. Bxd8 Qxd8 26. Qe4 Nc7 27.
Rg6 cxd4 28. Nf5 d3 29. Nxh6+ Kh8 30. Nf7+ Rxf7 31. Rxf7 d2 32. Rxf8+ Qxf8 33.
Qd4 Qc5 34. Qxc5 d1=Q+ 35. Kg2 Qc2+ 36. Kh3 Qxg6 37. Qxc7 Qh5+ 1/2-1/2

[Event "ENCI Limburg-open C"]
[Site "Maastricht"]
[Date "2011.06.11"]
[Round "2"]
[White "Scheeren, Wiel"]
[Black "Uckerman, John"]
[Result "0-1"]
[WhiteElo "1625"]
[BlackElo "1657"]
[PlyCount "50"]
[EventDate "2011.06.10"]
[EventType "swiss"]
[EventRounds "7"]
[EventCountry "NED"]
[Source "P.Boonen"]
[SourceDate "2012.01.01"]

1. f4 Nf6 2. b3 d6 3. Bb2 Nbd7 4. Nf3 c6 5. e3 Qc7 6. Bc4 b5 7. Be2 e5 8. fxe5
dxe5 9. O-O Bd6 10. d3 Ng4 11. Qd2 Bc5 12. d4 e4 13. h3 exf3 14. hxg4 fxe2 15.
Rf4 Bd6 16. Re4+ Kf8 17. Qxe2 Nf6 18. Nd2 Nxe4 19. Nxe4 Qe7 20. Qf3 Be6 21. Rf1
Kg8 22. g5 Bd5 23. Nf6+ gxf6 24. Qh5 Qxe3+ 25. Rf2 Bg3 0-1

[Event "ENCI Limburg-open C"]
[Site "Maastricht"]
[Date "2011.06.11"]
[Round "2"]
[White "Schrader, Bernd"]
[Black "Huzen, Maron"]
[Result "0-1"]
[WhiteElo "1372"]
[BlackElo "1387"]
[PlyCount "100"]
[EventDate "2011.06.10"]
[EventType "swiss"]
[EventRounds "7"]
[EventCountry "NED"]
[Source "P.Boonen"]
[SourceDate "2012.01.01"]

1. e4 e5 2. Nf3 Nc6 3. Bb5 Nd4 4. Nxd4 exd4 5. c3 Bc5 6. O-O c6 7. Bd3 Nf6 8.
Qc2 d6 9. b4 Bb6 10. Bb2 dxc3 11. Nxc3 Be6 12. Rfe1 Bd4 13. Ne2 Be5 14. a3 Ng4
15. Bxe5 Nxe5 16. Nf4 Bd7 17. Bc4 Qg5 18. Bxf7+ Kxf7 19. Qb3+ Ke7 20. Qe3 Qh4
21. d4 Ng4 22. Qg3 Qxg3 23. hxg3 Rhf8 24. f3 Nf6 25. e5 Nd5 26. Nd3 Kd8 27.
exd6 Bf5 28. Nc5 b6 29. Ne6+ Bxe6 30. Rxe6 Kd7 31. Rae1 Rfe8 32. R6e5 Nc3 33.
Re7+ Rxe7 34. Rxe7+ Kxd6 35. Rxg7 Ne2+ 36. Kf2 Nxd4 37. Rxh7 Re8 38. Rxa7 Re2+
39. Kf1 c5 40. Ra8 Re3 41. Kf2 Nc2 42. bxc5+ bxc5 43. a4 Ra3 44. a5 Nb4 45. g4
c4 46. g5 Ke6 47. f4 c3 48. Ke3 c2+ 49. Kd2 Rd3+ 50. Ke2 c1=Q 0-1

[Event "ENCI Limburg-open C"]
[Site "Maastricht"]
[Date "2011.06.11"]
[Round "2"]
[White "Slangen Knuit, Dien"]
[Black "Freriks, Oscar"]
[Result "0-1"]
[WhiteElo "1111"]
[BlackElo "1505"]
[PlyCount "102"]
[EventDate "2011.06.10"]
[EventType "swiss"]
[EventRounds "7"]
[EventCountry "NED"]
[Source "P.Boonen"]
[SourceDate "2012.01.01"]

1. d4 Nf6 2. c4 e5 3. dxe5 Ng4 4. Nf3 Nc6 5. e3 Ngxe5 6. Nbd2 Bc5 7. Be2 O-O 8.
O-O d6 9. b3 Nb4 10. Bb2 Nbd3 11. Bxe5 Nxe5 12. Nxe5 dxe5 13. Rc1 f5 14. Rc3
Qf6 15. e4 f4 16. Nf3 Re8 17. Qd5+ Re6 18. Qxc5 Qg6 19. Qxc7 Re8 20. Nxe5 Qf6
21. Rd3 Qxe5 22. Rd6 Qxe4 23. Bf3 Qe5 24. Bd5+ Kh8 25. Qf7 Bg4 26. c5 Re7 27.
Re6 Rxe6 28. Bxe6 Qxe6 29. Qxf4 Rd8 30. h3 Bf5 31. Qg5 Re8 32. h4 h6 33. Qc1
Qg6 34. g3 Bh3 35. Re1 Rxe1+ 36. Qxe1 Qc6 37. f3 Qxf3 38. Qf2 Qxf2+ 39. Kxf2
Bd7 40. a3 Kg8 41. b4 Kf7 42. Ke3 Ke6 43. Kf4 Kd5 44. g4 Kc4 45. g5 hxg5+ 46.
Kxg5 Be8 47. Kf5 Kb3 48. Ke5 Kxa3 49. Kd6 Kxb4 50. Ke7 Bh5 51. Kd6 a5 0-1

[Event "ENCI Limburg-open C"]
[Site "Maastricht"]
[Date "2011.06.11"]
[Round "2"]
[White "Smet, Louis"]
[Black "Snoeks, Pieter Jan"]
[Result "0-1"]
[WhiteElo "900"]
[BlackElo "1530"]
[PlyCount "40"]
[EventDate "2011.06.10"]
[EventType "swiss"]
[EventRounds "7"]
[EventCountry "NED"]
[Source "P.Boonen"]
[SourceDate "2012.01.01"]

1. e4 d5 2. exd5 Nf6 3. c4 g6 4. Nf3 Bg7 5. Ne5 O-O 6. d4 Bf5 7. Nc3 Nbd7 8. g4
Nxe5 9. gxf5 Ned7 10. fxg6 hxg6 11. Bd3 Re8 12. Qf3 e6 13. dxe6 Rxe6+ 14. Be3
c6 15. O-O-O Qa5 16. Qh3 b5 17. d5 cxd5 18. cxd5 Nxd5 19. Nxd5 Qxa2 20. Nc7
Qxb2# 0-1

[Event "ENCI Limburg-open C"]
[Site "Maastricht"]
[Date "2011.06.11"]
[Round "2"]
[White "Snoeks, Marnicq"]
[Black "Godding, Mick"]
[Result "0-1"]
[WhiteElo "1387"]
[BlackElo "1544"]
[PlyCount "68"]
[EventDate "2011.06.10"]
[EventType "swiss"]
[EventRounds "7"]
[EventCountry "NED"]
[Source "P.Boonen"]
[SourceDate "2012.01.01"]

1. e4 d5 2. exd5 Nf6 3. d6 cxd6 4. Nc3 Nc6 5. g3 Bg4 6. Nce2 Qa5 7. Bg2 g6 8.
h3 Bf5 9. Nc3 Bg7 10. Nge2 Nb4 11. d3 Nfd5 12. Bd2 Nxc3 13. Bxc3 Bxc3+ 14. Nxc3
Qe5+ 15. Ne2 Rc8 16. O-O Rxc2 17. Re1 Bxd3 18. Nf4 Qc5 19. Nxd3 Nxd3 20. Re2
Rxe2 21. Qxe2 Ne5 22. Bxb7 O-O 23. Bg2 Rb8 24. b3 a5 25. Rb1 Qc3 26. Be4 Rb4
27. Kg2 e6 28. f4 d5 29. Bxd5 exd5 30. fxe5 Re4 31. Qb2 Qd3 32. Kf2 Re3 33. Rh1
Rxg3 34. Qe2 Rg2+ 0-1

[Event "ENCI Limburg-open C"]
[Site "Maastricht"]
[Date "2011.06.11"]
[Round "2"]
[White "Toniolatti, Alessio"]
[Black "Van Meegen, Judith"]
[Result "1-0"]
[WhiteElo "1139"]
[BlackElo "1484"]
[PlyCount "93"]
[EventDate "2011.06.10"]
[EventType "swiss"]
[EventRounds "7"]
[EventCountry "NED"]
[Source "P.Boonen"]
[SourceDate "2012.01.01"]

1. e4 e5 2. Nf3 Nc6 3. Bc4 Nf6 4. d3 Bc5 5. Nc3 O-O 6. Bg5 h6 7. Bxf6 Qxf6 8.
Nd5 Qg6 9. O-O Bb6 10. Nxe5 Qg5 11. Nxc6 dxc6 12. Nxb6 cxb6 13. b4 Qg6 14. a4
Rd8 15. b5 c5 16. Bd5 Rb8 17. c4 Kh8 18. e5 f5 19. Re1 Re8 20. Re3 f4 21. Re4
Bf5 22. Rxf4 Rxe5 23. Be4 Bxe4 24. Rxe4 Rxe4 25. dxe4 Qxe4 26. Qd5 Qxd5 27.
cxd5 Rd8 28. Rd1 Kg8 29. f4 Rd6 30. g4 Kf7 31. f5 Kf6 32. Kf2 Kg5 33. Kf3 Kf6
34. Ke4 Kf7 35. Ke5 Ke7 36. h4 Kd7 37. g5 hxg5 38. hxg5 Kc7 39. f6 gxf6+ 40.
gxf6 Rd8 41. f7 Rh8 42. Ke6 Kd8 43. Rh1 Rf8 44. Rg1 Kc7 45. Rg8 Rxf7 46. Kxf7
Kd6 47. Rd8+ 1-0